Unbroken chain /

"Suspended between the worlds of the living and the dead is a thrill-seeking race imbued with the fleeting power of shadow: the shadar-kai. Ashok bears the scars of many battles, lashing out with iron-spiked chains at any who stand against him--friend, foe, and brother alike. Until he is abando...

Full description

Bibliographic Details
Main Author: Johnson, Jaleigh
Format: Book
Language:English
Published: Renton, WA : Wizards of the Coast, ©2010.
Subjects:
Online Access:Publisher description

MARC

Tag First Indicator Second Indicator Subfields
LEADER 00000cam a2200000 a 4500
001 in00004734813
008 091125s2010 wau 000 1 eng d
005 20230814185145.3
010 |a  2010713654 
035 |a (OCoLC)ocn471794007 
040 |a BTCTA  |b eng  |c BTCTA  |d ZGX  |d DLC  |d BDX  |d KLP  |d OCLCF  |d OCLCO  |d OCLCQ  |d AU@  |d OCLCQ  |d KK5  |d OCLCA  |d OCLCO  |d OCLCQ 
019 |a 756537970 
020 |a 9780786956265 
020 |a 0786956267 
020 |a 9780786955336  |q (pbk.) 
020 |a 0786955333  |q (pbk.) 
035 |a (OCoLC)471794007  |z (OCoLC)756537970 
050 1 4 |a PS3610.O3544  |b U63 2010 
100 1 |a Johnson, Jaleigh. 
245 1 0 |a Unbroken chain /  |c Jaleigh Johnson. 
260 |a Renton, WA :  |b Wizards of the Coast,  |c ©2010. 
300 |a 342 pages ;  |c 18 cm 
336 |a text  |b txt  |2 rdacontent 
337 |a unmediated  |b n  |2 rdamedia 
338 |a volume  |b nc  |2 rdacarrier 
500 |a "Forgotten realms." 
500 |a "Dungeons & dragons." 
520 |a "Suspended between the worlds of the living and the dead is a thrill-seeking race imbued with the fleeting power of shadow: the shadar-kai. Ashok bears the scars of many battles, lashing out with iron-spiked chains at any who stand against him--friend, foe, and brother alike. Until he is abandoned on the Shadowfell to fade away. In the city of Ikemmu, a bastion of disciplined shadar-kai, a cleric of the god of battle has a vision of a shadar-kai man, surrounded by flames and ravens, dying on the Shadowfell. A man who may be the savior of Ikemmu. Or its ultimate downfall."--Page 4 of cover 
650 0 |a Magic  |v Fiction. 
650 0 |a Good and evil  |v Fiction. 
650 0 |a Imaginary places  |v Fiction. 
650 0 |a Imaginary wars and battles  |v Fiction. 
650 6 |a Lieux imaginaires  |v Romans, nouvelles, etc. 
650 6 |a Guerres et batailles imaginaires  |v Romans, nouvelles, etc. 
650 7 |a Good and evil.  |2 fast  |0 (OCoLC)fst00944894 
650 7 |a Imaginary places.  |2 fast  |0 (OCoLC)fst00967571 
650 7 |a Imaginary wars and battles.  |2 fast  |0 (OCoLC)fst00967580 
650 7 |a Magic.  |2 fast  |0 (OCoLC)fst01005468 
655 7 |a Fiction.  |2 fast  |0 (OCoLC)fst01423787 
655 7 |a Fantasy fiction.  |2 gsafd 
856 4 2 |3 Publisher description  |u http://catdir.loc.gov/catdir/enhancements/fy1111/2010713654-d.html  |t 0 
938 |a Brodart  |b BROD  |n 11060050  |c $7.99 
938 |a Baker and Taylor  |b BTCP  |n BK0008677673 
029 1 |a AU@  |b 000046367380 
029 1 |a AU@  |b 000047821854 
994 |a Z0  |b TXA 
948 |h HELD BY TXA - 49 OTHER HOLDINGS 
999 f f |s 9e5a1fbb-50a8-4416-b758-08cab2488ca4  |i 8af7892d-a6db-4c07-8773-52cc3a8b5caf  |t 0 
952 f f |p noncirc  |a Texas A&M University  |b College Station  |c Cushing Memorial Library & Archives  |d Cushing: Science Fiction (Does not check out)  |t 0  |e PS3610.O3544 U63 2010  |h Library of Congress classification  |i unmediated -- volume  |m A14853086406 
998 f f |a PS3610.O3544 U63 2010  |t 0  |l Cushing: Science Fiction (Does not check out)